Famous Michaels Quiz Stats

 Plays Quiz Updated Sep 19, 2018

Score 0/30 Timer 06:00
0 Plays Today
Hint Michael % Correct
Singer of 'Thriller' and 'Bad'Michael Jackson
92.4%
Most gold medals at a single OlympicsMichael Phelps
88.2%
Six time NBA Champion with the Chicago BullsMichael Jordan
83.9%
Director of 'Bowling for Columbine' and 'Fahrenheit 9/11'Michael Moore
67.9%
Actor from 'Family Ties' and 'Spin City'Michael J. Fox
63.3%
He was 'Mr. Mom', 'Batman' and 'Beetlejuice'Michael Keaton
63.2%
Actor from 'Basic Instinct' and 'Wall Street'Michael Douglas
61.5%
Psycho killer from the 'Halloween' moviesMichael Myers
56.4%
Painted the Sistine Chapel in RomeMichelangelo di Lodovico Buonarroti Simoni
55.5%
Former Atlanta Falcons quarterback (2001–2008)Michael Vick
52.5%
Actor from 'The Cider House Rules', 'The Dark Knight' and about a million other filmsMichael Caine
52.5%
Had a lot of 'Faith' leaving WHAM! for a solo careerGeorge Michael
51.6%
Mayor of New York City (2002-2013)Michael Bloomberg
51.1%
Portrayed by Al Pacino in 'The Godfather'Don Michael Corleone
48.4%
Regional Manager of Dunder Mifflin ScrantonMichael Scott
48%
Hint Michael % Correct
Director of 'Bad Boys' and 'Transformers'Michael Bay
45.7%
Author of 'Jurassic Park' and 'Disclosure'Michael Crichton
42%
2007 George Clooney MovieMichael Clayton
39.5%
Soft rock singer of 'Time, Love and Tenderness' or a character from 'Office Space'Michael Bolton
38.8%
Lord of the DanceMichael Flatley
38.2%
U.S. Democratic presidential nominee in 1988Michael Dukakis
35.9%
Played Kramer on 'Seinfeld'Michael Richards
35%
Lead Singer of R.E.M.Michael Stipe
33.9%
Lucas Scott from 'One Tree Hill'Chad Michael Murray
26.4%
Actor from 'Bonanza' and 'Highway to Heaven'Michael Landon
24.5%
Fashion designer and judge on Project RunwayMichael Kors
21.5%
Founding member of Monty PythonMichael Palin
21.5%
Director of 'Heat' and 'Collateral'Michael Mann
18.2%
Irish revolutionary leader, later portrayed by Liam NeesonMichael Collins
16.8%
Lead singer of the band 'Spearhead'Michael Franti
4%

You're not logged in!

Compare scores with friends on all Sporcle quizzes.
OR
Log In

Sporcle TV

Today on Sporcle TV


Watch our educational content, quiz creation guides, and fun videos on Sporcle TV.

Show Comments

Extras

Top Quizzes Today


Score Distribution

Your Account Isn't Verified!

In order to create a playlist on Sporcle, you need to verify the email address you used during registration. Go to your Sporcle Settings to finish the process.

Report this User

Report this user for behavior that violates our Community Guidelines.

Details: